<?xml version="1.0" encoding="UTF-8"?>
<record
    xmlns:xsi="http://www.w3.org/2001/XMLSchema-instance"
    xsi:schemaLocation="http://www.loc.gov/MARC21/slim http://www.loc.gov/standards/marcxml/schema/MARC21slim.xsd"
    xmlns="http://www.loc.gov/MARC21/slim">

  <leader>00415    a2200157   4500</leader>
  <datafield tag="999" ind1=" " ind2=" ">
    <subfield code="c">375</subfield>
    <subfield code="d">375</subfield>
  </datafield>
  <controlfield tag="008">221025b           ||||| |||| 00| 0 eng d</controlfield>
  <datafield tag="020" ind1=" " ind2=" ">
    <subfield code="a">9788126537280</subfield>
  </datafield>
  <datafield tag="082" ind1="0" ind2="0">
    <subfield code="a">629.8</subfield>
    <subfield code="b">N724</subfield>
  </datafield>
  <datafield tag="100" ind1=" " ind2=" ">
    <subfield code="a">Nise, Norman S.</subfield>
  </datafield>
  <datafield tag="245" ind1=" " ind2=" ">
    <subfield code="a">Control system engineering /</subfield>
  </datafield>
  <datafield tag="250" ind1=" " ind2=" ">
    <subfield code="a">6th ed.</subfield>
  </datafield>
  <datafield tag="260" ind1=" " ind2=" ">
    <subfield code="a">New Delhi:</subfield>
    <subfield code="b">Wiley India,</subfield>
    <subfield code="c">2016.</subfield>
  </datafield>
  <datafield tag="300" ind1=" " ind2=" ">
    <subfield code="a">xvi, 926 p.</subfield>
  </datafield>
  <datafield tag="650" ind1=" " ind2="0">
    <subfield code="a">Systems engineering</subfield>
  </datafield>
  <datafield tag="942" ind1=" " ind2=" ">
    <subfield code="2">ddc</subfield>
    <subfield code="c">BK</subfield>
  </datafield>
  <datafield tag="952" ind1=" " ind2=" ">
    <subfield code="0">0</subfield>
    <subfield code="1">0</subfield>
    <subfield code="2">ddc</subfield>
    <subfield code="4">0</subfield>
    <subfield code="6">629_800000000000000_N724</subfield>
    <subfield code="7">0</subfield>
    <subfield code="9">1384</subfield>
    <subfield code="a">CL</subfield>
    <subfield code="b">CL</subfield>
    <subfield code="d">2017-03-30</subfield>
    <subfield code="e">Shankars Book Agency</subfield>
    <subfield code="g">503.20</subfield>
    <subfield code="o">629.8 N724</subfield>
    <subfield code="p">12309</subfield>
    <subfield code="r">2019-09-24</subfield>
    <subfield code="v">629.00</subfield>
    <subfield code="y">BK</subfield>
  </datafield>
  <datafield tag="952" ind1=" " ind2=" ">
    <subfield code="0">0</subfield>
    <subfield code="1">0</subfield>
    <subfield code="2">ddc</subfield>
    <subfield code="4">0</subfield>
    <subfield code="6">629_800000000000000_N724</subfield>
    <subfield code="7">0</subfield>
    <subfield code="9">1385</subfield>
    <subfield code="a">CL</subfield>
    <subfield code="b">CL</subfield>
    <subfield code="d">2017-03-30</subfield>
    <subfield code="e">Shankars Book Agency</subfield>
    <subfield code="g">663.20</subfield>
    <subfield code="o">629.8 N724</subfield>
    <subfield code="p">12310</subfield>
    <subfield code="r">2019-09-26</subfield>
    <subfield code="v">829.00</subfield>
    <subfield code="y">BK</subfield>
  </datafield>
  <datafield tag="952" ind1=" " ind2=" ">
    <subfield code="0">0</subfield>
    <subfield code="1">0</subfield>
    <subfield code="2">ddc</subfield>
    <subfield code="4">0</subfield>
    <subfield code="6">629_800000000000000_N724</subfield>
    <subfield code="7">0</subfield>
    <subfield code="9">1386</subfield>
    <subfield code="a">CL</subfield>
    <subfield code="b">CL</subfield>
    <subfield code="d">2017-03-30</subfield>
    <subfield code="e">Shankars Book Agency</subfield>
    <subfield code="g">663.20</subfield>
    <subfield code="l">1</subfield>
    <subfield code="o">629.8 N724</subfield>
    <subfield code="p">12311</subfield>
    <subfield code="r">2022-09-30</subfield>
    <subfield code="s">2022-09-08</subfield>
    <subfield code="v">829.00</subfield>
    <subfield code="y">BK</subfield>
  </datafield>
  <datafield tag="952" ind1=" " ind2=" ">
    <subfield code="0">0</subfield>
    <subfield code="1">0</subfield>
    <subfield code="2">ddc</subfield>
    <subfield code="4">0</subfield>
    <subfield code="6">629_800000000000000_N724</subfield>
    <subfield code="7">0</subfield>
    <subfield code="9">1387</subfield>
    <subfield code="a">CL</subfield>
    <subfield code="b">CL</subfield>
    <subfield code="d">2017-03-30</subfield>
    <subfield code="e">Shankars Book Agency</subfield>
    <subfield code="g">663.20</subfield>
    <subfield code="o">629.8 N724</subfield>
    <subfield code="p">12312</subfield>
    <subfield code="r">2019-09-26</subfield>
    <subfield code="v">829.00</subfield>
    <subfield code="y">BK</subfield>
  </datafield>
  <datafield tag="952" ind1=" " ind2=" ">
    <subfield code="0">0</subfield>
    <subfield code="1">0</subfield>
    <subfield code="2">ddc</subfield>
    <subfield code="4">0</subfield>
    <subfield code="6">629_800000000000000_N724</subfield>
    <subfield code="7">0</subfield>
    <subfield code="9">1388</subfield>
    <subfield code="a">CL</subfield>
    <subfield code="b">CL</subfield>
    <subfield code="d">2017-03-03</subfield>
    <subfield code="e">Shankars Book Agency</subfield>
    <subfield code="g">663.20</subfield>
    <subfield code="o">629.8 N724</subfield>
    <subfield code="p">11974</subfield>
    <subfield code="r">2019-09-26</subfield>
    <subfield code="v">829.00</subfield>
    <subfield code="y">BK</subfield>
  </datafield>
</record>
